000 02712cam a22005894i 4500
003 PE-LiUPU
005 20250731172845.0
008 140425s2014 miu rb 001 0 eng
020 _a0802837395
_q(Eerdmans)
020 _a1783591617
_q(Apollos)
020 _a9780802837394
_q(Eerdmans)
020 _a9781783591619
_q(Apollos)
035 _a(Sirsi) i9780802837394
040 _aDLC
_bspa
_erda
_cDLC
_dYDX
_dBDX
_dOCLCF
_dYDXCP
_dBTCTA
_dGGB
_dWIO
_dCNTCS
_dCDX
_dUWT
_dAUTTC
_dZCU
_dLNT
_dDEBSZ
_dNLGGC
_dRCT
_dOCLCQ
_dPE-LiUPU
049 _aPRUA
082 0 4 _a225.07
_bPNTC
_220
100 1 _aSeifrid, Mark A.,
_eautor.
245 1 4 _aThe second letter to the Corinthians /
_cMark Seifrid.
264 1 _aGrand Rapids, Michigan :
_bEerdmans Publishing Company ;
_aNottingham, England :
_bApollos,
_c[2014]
300 _axxxiv, 535 páginas ;
_c24 centímetros.
336 _atext
_2rdacontent
337 _aunmediated
_2rdamedia
338 _avolume
_2rdacarrier
490 0 _aThe Pillar New Testament commentary
504 _aBibliografía : páginas xiv-xxi.
504 _aÍndices: páginas 505-535.
505 0 _aINTRODUCTION -- Before and after Second Corinthians -- Paul's opponents in Corinth and the purpose of Second Corinthians -- The integrity of Second Corinthians -- The theology of Second Corinthians -- COMMENTARY -- The opening of the letter: the call to fellowship with the apostle in Christ (1:1-2:17) -- The body of the letter: the apostolic mission and the apostle in mission (3:1-7:16) -- The closing of the letter: the call to simplicity (8:1-13:14).
526 _aSEG42
526 _aSEG41
526 _aSEG40
526 _aSEG39
526 _aP94
526 _aP87
526 _aP86
526 _aP85
526 _aP77
526 _aP76
526 _aP35
630 0 0 _aBiblia.
_pCorintios, 2da
_vComentarios.
630 0 7 _aBiblia.
_pCorintios, 2da.
650 1 7 _aCorintios.
655 7 _aComentarios.
856 4 1 _3Tabla de contenido
_uhttp://swbplus.bsz-bw.de/bsz416113230inh.htm
_v20150619182546
910 _ajck
_bebj
_cebj
_d20160531
942 _2ddc
_cBOOK
949 _a225.07 PNTC 8
_wDEWEY
_c1
_i73357
_lCCODEBUL1
_mBUL
_p50.50
_r0
_sY
_tBOOK
_u2016-5-31
_xTEOLOGIA
_PP85
_0COMPRA
_o.STAFF. Colección General Teología
994 _aC0
_bPEPRU
856 4 1 _3Tabla de contenido
_uhttp://swbplus.bsz-bw.de/bsz416113230inh.htm
_v20150619182546
596 _a1
999 _a225.07 PNTC 8
_wDEWEY
_c9647
_i73357
_d9647
_e2017-11-8
_f2021-11-9
_g5
_lCCODEBUL1
_mBUL
_n1
_p50.50
_q1
_r0
_sY
_tBOOK
_u2016-5-31
_xTEOLOGIA
_PP85
_0COMPRA
_o.STAFF. Colección General Teología
980 _81
_gALBERTO SANCHEZ Responsable de Automatización